| 000 | 00770nam a2200205 4500 | ||
|---|---|---|---|
| 003 | OSt | ||
| 005 | 20240618033025.0 | ||
| 006 | a | ||
| 008 | 240618b |||||||| |||| 00| 0 eng d | ||
| 040 |
_aDWCL-Main lib. _cOC |
||
| 082 | _aCirc. 899.2210 A628i 1989 | ||
| 111 | _aSubagio Sastrowardoyo, Sapardi Djoko Damono, A. Kasim Achmad | ||
| 245 | _aAnthology of ASEAN literatures : pre-Islamic literature of Indonesia / | ||
| 260 |
_aIndonesia : _bASEAN Committee on Culture and Information, _cc1989. |
||
| 300 |
_axii, _b490 p. ; _c24 cm. |
||
| 504 | _aIncludes bibliographical references. | ||
| 650 | _a1. Indonesian literature–Translations into English. | ||
| 711 | _aSubagio Sastrowardoyo, Sapardi Djoko Damono, A. Kasim Achmad | ||
| 942 |
_2ddc _n0 _cBK-CIRC _kCirc. |
||
| 999 |
_c807 _d807 |
||